000 00616nam a22002177a 4500
003 OSt
005 20170320182029.0
008 170320b xxu||||| |||| 00| 0 eng d
020 _a9780321321275
020 _a0321321278
040 _cDDC.
082 _a005.117ARL 2005.
100 _aArlow,Jim;Neusstadt;
_911859
245 _aUML 2 and The Unified Process:
_bPractical object -Oriented Analysis and design.
250 _a2nd ed.
260 _aNew Jersey;
_bAddison_wesley;
_c2005.
300 _axxiii,592p;
_bcol,ill;
_c25cm.
504 _aincludes index.
650 _aComputing.
_9122
942 _2ddc
_cO_SHELF
999 _c5695
_d5695